000 00600nam a2200193Ia 4500
003 SISC
005 20170615093509.0
008 140611s9999 xx 000 0 und d
020 _a9789814392136
050 _aLC 3993.22
_b.T673p5B 2012
245 _aTop Chinese enrichment programme (primary) 5B /
_cConfucius Institute
260 _aSingapore :
_bCengage Learning Asia Pte Ltd,
_cc2012.
300 _a126 p. :
_billustrations ;
_c26 cm.
650 _aChinese language
_xStudy and teachings
800 _aKiat, Koh Hock
_cseries editor
942 _2lcc
_cBK
999 _c118399
_d118399